All 100k Cities in Northern Asia - Statistics

General Stats
  • This quiz has been taken 47 times
    45 since last reset
  • The average score is 17 of 47
Answer Stats
Population City % Correct
1,154,507 Omsk
100%
606,561 Vladivostok
97%
1,625,631 Novosibirsk
94%
1,493,749 Yekaterinburg
91%
1,196,680 Chelyabinsk
85%
623,562 Irkutsk
79%
439,128 Ulan Ude
76%
576,624 Tomsk
74%
1,093,771 Krasnoyarsk
68%
322,987 Yakutsk
65%
616,372 Khabarovsk
56%
200,636 Yuzhno-Sakhalinsk
56%
807,271 Tyumen
53%
351,784 Chita
47%
556,382 Kemerovo
47%
179,586 Petropavlovsk-Kamchatsky
47%
632,391 Barnaul
44%
181,830 Norilsk
44%
312,364 Kurgan
38%
226,269 Bratsk
35%
244,403 Komsomolsk on Amur
35%
186,797 Abakan
32%
226,502 Blagoveshchensk
32%
413,253 Magnitogorsk
32%
549,403 Novokuznetsk
32%
380,632 Surgut
32%
349,008 Nizhny Tagil
29%
277,668 Nizhnevartovsk
24%
224,630 Angarsk
21%
145,109 Nakhodka
21%
245,273 Orsk
18%
173,640 Ussuriysk
18%
101,466 Khanty-Mansiysk
15%
119,438 Kyzyl
15%
190,334 Prokopyevsk
15%
199,464 Biysk
12%
166,086 Kamensk-Uralsky
9%
151,472 Miass
9%
118,033 Novy Urengoy
9%
105,531 Achinsk
3%
147,634 Kopeysk
3%
127,255 Nefteyugansk
3%
106,911 Noyabrsk
3%
104,334 Berdsk
0%
120,778 Pervouralsk
0%
141,584 Rubtsovsk
0%
106,516 Seversk
0%
No matching quizzes found
Score Distribution
Percent of People with Each Score
Percentile by Number Answered
Your Score History
You have not taken this quiz since the last reset